| 000 | 02389cam a22004093a 4500 | ||
|---|---|---|---|
| 001 | 0000703 | ||
| 003 | DO-SdBNP | ||
| 005 | 20171108115928.0 | ||
| 007 | 0000703 | ||
| 008 | 861112 2012 s a 000 0 spa d | ||
| 010 | _a | ||
| 020 | _a9788449436659 (obra completa) | ||
| 020 | _a9788449436666 (v. 1) | ||
| 020 | _a9788449436673 V. 2) | ||
| 020 | _a9788449436680 (v. 3) | ||
| 020 | _a9788449436697 (v. 4) | ||
| 040 |
_aBPMSU _cspa _dBPMSU _d |
||
| 092 |
_a150 _bP974 |
||
| 245 | 0 | 0 |
_aPsicología para todos _bguía completa para el crecimiento personal _cdirección Carles de Gispert |
| 260 |
_aBarcelona : _bGrupo Oceano, _c2012. |
||
| 300 |
_av. : _bil. _c25 cm. |
||
| 505 | 2 |
_gv. 1 -- _tAprendizaje, conducta y emociones -- _tCerebro y comportamiento van unidos -- _tEl hambre, su naturaleza y trastornos -- _tLa sexualidad, mucho más que la reproducción -- _tAmor, enamoramiento y desamor -- _tLa motivación para conquistar nuevas metas -- _tLas emociones que acompañan nuestra vida -- _tAprendizaje y capacidad de adaptación -- _tLos estilos de aprendizaje y el rendimiento -- |
|
| 505 | 2 |
_gv. 2 -- _tCapacidades, personalidad y socialización -- _tLa memoria, un almacén de información -- _tEl lenguaje, exclusivamente humano -- _tLa inteligencia, un concepto polémico -- _tEl sueño, esa pausa reparadora -- _tNuestra personalidad, única e irrepetible -- _tEl desarrollo: la infancia la adolescencia -- |
|
| 505 | 2 |
_gv. 3 -- _tRelaciones de grupo, estrés y dolor -- _tLa evolución de la psicología humana -- _tNuestra conducta en sociedad -- _tInfluencia del grupo -- _tLa violencia y la solidaridad -- _tEl estrés, una situación a punto de estallar -- _tLa experiencia del dolor -- _tLas somatizaciones (o el "usted no tiene nada") -- |
|
| 505 | 2 |
_gv. 4 -- _tTrastornos, somatizaciones y terapias -- _tEstar y ser enfermo -- _tLa medicina psicosomática, para tratarlo todo -- _tLos trastornos mentales -- _tPsicología, los orígenes de una ciencia -- _tLa modificación terapéutica de la conducta -- _tÍndice analítico -- |
|
| 600 | 0 | 0 |
_a _x |
| 650 | 4 | _aPSICOLOGÍA | |
| 650 | 4 | _aAPRENDIZAJE | |
| 650 | 4 | _aCONDUCTA (PSICOLOGÍA) | |
| 650 | 4 | _aEMOCIONES | |
| 650 | 4 | _aPERSONALIDAD | |
| 650 | 4 | _aTRASTORNOS MENTALES | |
| 700 | 1 | 2 |
_aGispert, Carles _edir. |
| 942 |
_2ddc _cBK |
||
| 945 | _aInventariado extranjero / 2017 VM | ||
| 956 |
_2YLOCKWARD _310 _8BPMSU |
||
| 999 |
_c11501 _d11501 |
||